Кладенецът на спомените (Запис номер 188106)
[ съкратено ]
| 000 -Лидер | |
|---|---|
| Контролно поле с фиксирана дължина | 01282nam a2200301 c 4500 |
| 003 - Код на организацията, давaща контролен номер | |
| Контролно поле | BLK |
| 005 - Дата и час на последна редакция | |
| Контролно поле | 20180422115556.0 |
| 008 - Елементи от данни с фиксирана дължина | |
| fixed length control field | 180411b bul|||||r ||||||| ||bul|| |
| 010 ## - Наследен системен номер | |
| LC control number | KNG00197124000 |
| 040 ## - Източник на каталожния запис | |
| Идентификатор на билиотеката - собственик на записа | BLK |
| 041 ## - Код за език | |
| Код за езика на текст/звукозапис или на отделно заглавие | Български |
| Код за езика КДБФ | Български |
| 080 ## - УДК | |
| Текстов определител УДК | Българска литература |
| УДК код - определител по УДК | 821.163.2 |
| УДК определител | -94 |
| УДК - код + определител | 821.163.2-94 |
| 100 1# - Редна дума - Автор | |
| Автор | Топенчаров, Владимир Евтимов |
| Авторска отговорност | първи автор |
| R(LIN) | 296614 |
| 139 ## - Редно поле | |
| Редна дума | Топенчаров, Владимир Евтимов |
| Авторски знак | Топ - Т 74 |
| 245 10 - Сведения за заглавието | |
| Заглавие | Кладенецът на спомените |
| Подзаглавни данни | Мемоарна поредица в 5 кн. |
| Редно поле (дума) | Владимир Евтимов Топенчаров; ред. Стефан Желев; худож. Христо Нейков. |
| Том | Кн. 1. |
| Заглавие на том | Идеалът |
| 257 ## - Страна на издаване | |
| Страна на създаване/издаване | България |
| 260 ## - Област на издателските данни | |
| -- | София |
| Име на издателя, разпространителя и проч. | Партиздат |
| Година на издаване | 1989 |
| 300 ## - Физическа характеристика | |
| Размери/Мащаб | 21 см |
| 380 ## - Жанр | |
| Жанр | Худож. лит. |
| 700 1# - Други автори (авторска отговорност) | |
| Лично име | Желев, Стефан |
| Автороска отговорност (Описва отношението между автора и произведението) | ред. |
| 9 (RLIN) | 373411 |
| 700 1# - Други автори (авторска отговорност) | |
| Лично име | Нейков, Христо |
| Автороска отговорност (Описва отношението между автора и произведението) | худож. |
| 9 (RLIN) | 365109 |
| 760 1# - Описание на основната серия | |
| Редна дума на основното описание | Топенчаров, Владимир Евтимов |
| Място на издаване, издател и година | 1989 |
| Страници - том | 352 с. : с ил. |
| Забележка - том | 5410 тир. |
| Заглавие | Кн. 1. Идеалът |
| 852 ## - Местоположение | |
| Форматна сигнатура | Цб 160624 |
| 856 4# - Електронен адрес и достъп | |
| Електронен формат | pdf - файл |
| Път до файла /url/ | |
| 856 4# - Електронен адрес и достъп | |
| Електронен формат | pdf - файл |
| Път до файла /url/ | |
| 942 ## - АРТИКУЛИ | |
| Вид на библиотечния материал | Книги |
| Скрит в OPAC | Не |
| 944 ## - СЪЗДАВАНЕ И РЕДАКЦИЯ на ЗАПИСА | |
| Създаване/Редакция | Създаване |
| Дата на регистрацията/редакция | 01.12.2016 |
| Служител, извършил регистрацията/редакцията | Нора_Радева |
| 944 ## - СЪЗДАВАНЕ И РЕДАКЦИЯ на ЗАПИСА | |
| Създаване/Редакция | Редакция |
| Дата на регистрацията/редакция | 01.12.2016 |
| Служител, извършил регистрацията/редакцията | Нора_Радева |
| 999 ## - СИСТЕМНИ КОНТРОЛНИ НОМЕРА | |
| Koha biblionumber | 188106 |
| Koha biblioitemnumber | 188106 |
| Код за отписване | Код за изгубен артикул | Източник на класификационната схема | Код за повреда | Коз за рестрикции | Код за отдаване | Артикулен № | Име на библиотеката - собственик | Име на библиотеката, в която се намира в момента | Статус (Текущо местоположение) | Дата на вписване в системата | Местоположение - отдел | Цена в лева | Инвентарен номер | Систематично азбучна сигнатура | Баркод | Номер на екземпляра | Цена в евро | Служебна бележка | Служебен тип на артикула |
|---|---|---|---|---|---|---|---|---|---|---|---|---|---|---|---|---|---|---|---|
| Не е изгубен | Universal Decimal Classification | Не е повреден | без рестрикции | ползва се в читалня | 329238 | Регионална библиотека "Любен Каравелов" Русе | Регионална библиотека "Любен Каравелов" Русе | Хранилище | 1989-01-01 | Хранилище | 2.40 | 526189 | Цб 160624 | 120000526189 | 1 | 1.23 | Вид: Сф Дата: 01.01.1989 | Книги | |
| Изтеглен | Не е изгубен | Universal Decimal Classification | Не е повреден | без рестрикции | заемане за дома | 329239 | Регионална библиотека "Любен Каравелов" Русе | Регионална библиотека "Любен Каравелов" Русе | Заемна - подръчен фонд | 1989-01-01 | Заемна - подръчен фонд | 2.40 | 527737 | П 886.7-94/Т 74 | 527737 | 2 | 1.23 | Вид: Сф Дата: 01.01.1989 Дата инв: 19.02.2018 Бележки инв: П2018 | Книги |
| Изтеглен | Не е изгубен | Universal Decimal Classification | Не е повреден | без рестрикции | заемане за дома | 329240 | Регионална библиотека "Любен Каравелов" Русе | Регионална библиотека "Любен Каравелов" Русе | Заемна - подръчен фонд | 1989-01-01 | Заемна - подръчен фонд | 2.40 | 527738 | П 886.7-94/Т 74 | 527738 | 3 | 1.23 | Вид: Сф Дата: 01.01.1989 Дата инв: 12.02.2018 Бележки инв: П2018 | Книги |
| Изтеглен | Не е изгубен | Universal Decimal Classification | Не е повреден | без рестрикции | заемане за дома | 329241 | Регионална библиотека "Любен Каравелов" Русе | Регионална библиотека "Любен Каравелов" Русе | Заемна - подръчен фонд | 1989-01-01 | Заемна - подръчен фонд | 2.40 | 527742 | П 886.7-94/Т 74 | 527742 | 4 | 1.23 | Вид: Сф Дата: 01.01.1989 | Книги |